| 000 | 00512nam a2200205Ia 4500 | ||
|---|---|---|---|
| 005 | 20250109055824.0 | ||
| 008 | 240331s9999 xx 000 0 und d | ||
| 020 | _a0415148219 | ||
| 082 |
_bNIC _22707 _a305.3 |
||
| 245 | 0 | _aGender, Ethnicity and Political Ideologies | |
| 260 |
_aLondon _aNew York _bRoutledge _c1998 |
||
| 300 | _axi, 195 p., | ||
| 650 | _aGender | ||
| 650 | _aEthnicity | ||
| 650 | _aPolitical | ||
| 650 | _aWomen | ||
| 700 |
_aCharles, N _eedt |
||
| 700 |
_aHintjens, H _eedt |
||
| 942 | _cL | ||
| 999 |
_c4578 _d4578 |
||